Industrial engineering and organization management
| Main Author: | |
|---|---|
| Format: | Book |
| Published: |
New Delhi :
S. K. Kataria & Sons ,
2013
|
| Subjects: |
MARC
| LEADER | 00000cam a2200000 7i4500 | ||
|---|---|---|---|
| 001 | 0000044159 | ||
| 005 | 20141217.0 | ||
| 008 | 141217 | ||
| 020 | |a 8185749132 | ||
| 090 | 0 | 0 | |a 670 |b SHA |
| 100 | 1 | |a Sharma, S. K | |
| 245 | 1 | 0 | |a Industrial engineering and organization management |c Dr. S. K. Sharma & Mrs. Savita Sharma |
| 260 | |a New Delhi : |b S. K. Kataria & Sons , |c 2013 | ||
| 650 | 0 | |a Industrial engineering | |
| 650 | 0 | |a Management | |
| 650 | 0 | |a Organization | |
| 999 | |a 0001324017 |b Book |c Adult Collection |e Perbadanan Perpustakaan Awam Johor | ||